000 01113nam a22003377a 4500
003 CHAP
005 20220329140435.0
008 971013s1949 r 00010 d
010 _a51993
011 _a52965
035 _a57115
040 _cCHAP
082 _a338.10987
_bF4
100 0 0 _aFernández y Fernández, Ramón.
_940322
245 _aDesarrollo integral de la cuenca del Tuy
250 _a2 ed.
260 _aCaracas :
_bCorporación Venezolana de Fomento,
_c1949
300 _a263 p.
590 _aBATCH-UPD
_b10
_c20130110
_lUCH01
_h0452
590 _aBATCH-UPD
_b10
_c20130110
_lUCH01
_h2243
590 _aBATCH-UPD
_b10
_c20130410
_lUCH01
_h0129
590 _aBATCH-UPD
_b10
_c20130410
_lUCH01
_h1537
590 _aBATCH-UPD
_b10
_c20130914
_lUCH01
_h1111
590 _aCONVERSION
_b10
_c20130109
_lUCH01
_h1328
650 1 4 _aCuenca del Tuy, Venezuela.
_930058
650 1 4 _aPolítica económica
_xVenezuela.
_990528
901 _aBK
942 _cLIBRO
949 _a338.10987 F4
_bBC
_cLIBRO
_d-124412
_eLIBRO
_h5451
_i57115
_si
949 _a338.10987 F4
_bBC
_cLIBRO
_d-124415
_eLIBRO
_fc.2
_h5452
_i57115
_si
999 _c51993
_d51993